000 00443nam a2200133 4500
999 _c13992
_d13992
008 190724b ||||| |||| 00| 0 eng d
082 _aDPer 050 T48 Apr-June 2016 v. 187 n. 12-24
100 _aToibin, Colm.
_938939
245 _aMarilynne Robinson:
_bthe questioning spirit/
_cColm Toibin.
260 _aHong Kong:
_bTime Asia,
_cc2016.
300 _av187 n16-17, page 91:
_b illustrations;
_c27 cm.
650 _2Writer.
942 _2ddc
_cPER